Portal power (Record no. 81414)

MARC details
000 -LEADER
fixed length control field 00886cab a22001935a 4500
001 - CONTROL NUMBER
control field L147163
008 - FIXED-LENGTH DATA ELEMENTS--GENERAL INFORMATION
fixed length control field 090407e20090220xxk0 f 000 0 eng d
035 ## - SYSTEM CONTROL NUMBER
System control number (Sirsi) u147163
041 0# - LANGUAGE CODE
Language code of text/sound track or separate title eng
100 1# - MAIN ENTRY--PERSONAL NAME
Personal name Nguyen, Anh
245 00 - TITLE STATEMENT
Title Portal power
260 ## - PUBLICATION, DISTRIBUTION, ETC.
Date of publication, distribution, etc. 2009
490 ## - SERIES STATEMENT
Series statement Negotiator
Volume/sequential designation 24(2) 20 February 2009, 14-17(3)
520 ## - SUMMARY, ETC.
Summary, etc. Explains a range of marketing strategies estate agents can use to promote properties through planning portals. Stresses the importance of stock selection, the currency of listings and using high quality photograph images. Notes that planning portals offer premium services to promote properties. Lists selection of property portals available. Concludes that good marketing is crucial.
590 ## - LOCAL NOTE (RLIN)
Local note KA
651 #4 - SUBJECT ADDED ENTRY--GEOGRAPHIC NAME
Geographic name United Kingdom
Chronological subdivision
690 ## - LOCAL SUBJECT ADDED ENTRY--TOPICAL TERM (OCLC, RLIN)
Topical term or geographic name as entry element PROPERTY-RESIDENTIAL PROPERTY-ACQUISITION AND DISPOSAL OF RESIDENTIAL PROPERTY
942 ## - ADDED ENTRY ELEMENTS (KOHA)
Suppress in OPAC 0

No items available.